Avtomatizacija projektirovanija v elektronike 13

Uložené v:
Podrobná bibliografia
Médium: Kniha
Jazyk:Russian
Vydavateľské údaje: Kijev : Technika, 1976
Tagy: Pridať tag
Žiadne tagy, Buďte prvý, kto otaguje tento záznam!

MARC

LEADER 00000nam a22000003a 4500
001 stu222251
005 20141123102951.7
008 110309s1979------------------------rus-d
040 |a STU  |b slo 
041 0 |a rus 
080 |a 621.38 
245 |a Avtomatizacija projektirovanija v elektronike 13 
260 |a Kijev :  |b Technika,  |c 1976 
300 |a 114, 4 s 
996 |b E38053  |c E*38053  |l EE16  |s P  |a 0  |w stu222251_0001 
996 |b E38054  |c E*38054  |l EE16  |s P  |a 0  |w stu222251_0002